Children of alcoholism : the struggle for self and intimacy in adult life /

Bibliographic Details
Main Author: Wood, Barbara Louise, 1949-
Format: Book
Language:English
Published: New York : New York University Press, [1987]
Subjects:

MARC

Tag First Indicator Second Indicator Subfields
LEADER 00000cam a22000008a 4500
001 in00000008030
005 20151002070120.0
008 870318s1987 nyu b 00110 eng
010 |a  87007791  
020 |a 0814792197 :  |c $35.00 
035 |a (OCoLC)15488516 
035 |9 AAA0383AM 
040 |a DLC  |c DLC  |d m/c  |d TXA  |d UtOrBLW 
043 |a n-us--- 
050 0 0 |a HV5132  |b .W66 1987 
100 1 |a Wood, Barbara Louise,  |d 1949- 
245 1 0 |a Children of alcoholism :  |b the struggle for self and intimacy in adult life /  |c Barbara L. Wood. 
264 1 |a New York :  |b New York University Press,  |c [1987] 
264 4 |c ©1987 
300 |a xv, 166 pages 
336 |a text  |b txt  |2 rdacontent 
337 |a unmediated  |b n  |2 rdamedia 
338 |a volume  |b nc  |2 rdacarrier 
504 |a Bibliography: pages [157]-159. 
500 |a Includes index. 
650 0 |a Children of alcoholics  |z United States  |x Case studies. 
650 0 |a Alcoholics  |z United States  |x Family relationships  |x Case studies. 
650 0 |a Adult children  |z United States  |x Family relationships  |x Case studies. 
999 |a MARS 
999 f f |s d0181e13-833f-34bf-9b5a-d896d1707cc6  |i 85608b18-8bf1-3cc4-8533-52022e71172d  |t 0 
952 f f |p ric  |a Texas A&M University  |b Rellis Campus  |c Joint Library Facility  |d Remote Storage  |t 0  |e HV5132 .W66 1987  |h Library of Congress classification  |i unmediated -- volume  |m A14812557882 
998 f f |a HV5132 .W66 1987  |t 0  |l Remote Storage